Κατάλογος Βιβλιοθηκών Mediterranean College

Greek Teacher's Attitudes Toward the Inclusion of Students with Autism in Mainstream Primary Schools/A Dissertation Submitted to the University of Derby in Partial Fulfilment of the Requirements for the Degree of Master of Arts in Education (Record no. 8499)

MARC details
000 -LEADER
fixed length control field 01324cam a22001934a 4500
005 - ΗΜΕΡΟΜΗΝΙΑ ΚΑΙ ΩΡΑ ΤΕΛΕΥΤΑΙΑΣ ΕΝΗΜΕΡΩΣΗΣ
Πεδίο ελέγχου 20250605164337.0
008 - FIXED-LENGTH DATA ELEMENTS--GENERAL INFORMATION
Πεδίο ελέγχου σταθερού μήκους 250528s ||||||||||||||||||||||||d
035 ## - SYSTEM CONTROL NUMBER
System control number 23489
040 ## - ΠΗΓΗ ΚΑΤΑΛΟΓΟΓΡΑΦΗΣΗΣ
Φορέας πρωτότυπης καταλογογράφησης MC Athens Campus Library
Γλώσσα καταλογογράφησης Ελληνικά, Μοντέρνα (1453-)
Modifying agency MC Athens Campus Library
Κανόνες περιγραφικής καταλογογράφησης AACR2
245 1# - ΤΙΤΛΟΣ ΚΑΙ ΔΗΛΩΣΗ ΥΠΕΥΘΥΝΟΤΗΤΑΣ
Τίτλος Greek Teacher's Attitudes Toward the Inclusion of Students with Autism in Mainstream Primary Schools/A Dissertation Submitted to the University of Derby in Partial Fulfilment of the Requirements for the Degree of Master of Arts in Education
260 ## - PUBLICATION, DISTRIBUTION, ETC.
Date of publication, distribution, etc. 2018
300 ## - PHYSICAL DESCRIPTION
Extent 80
520 ## - SUMMARY, ETC.
Summary, etc. Acknowledgements, Abstract, Introduction to the Study, Rationale, Aims and Purpose, Research Questions, Literature Review, Defining Autism Spectrum Disorder and Brief History of Autism, Characteristics of Autism, Inclusion, Education, Autism, Research Design and Methodology, Description of the Study Area, Research Design, The Purposive Selection of Participants, Procedure and Data Collection Methods, Data Analysis, Trustworthiness (Security Qualitative Validity), Ethical Considerations, Research Findings, Results of Open-Ended Questions, Finding and Analysis and Discussion, Limitation of the Study, Conclusions and Recommendations, References, Appendices.
700 1# - ΠΡΟΣΘΕΤΗ ΑΝΑΓΡΑΦΗ--ΦΥΣΙΚΟ ΠΡΟΣΩΠΟ
Personal name Manola Eirini
9 (RLIN) 9053
700 1# - ΠΡΟΣΘΕΤΗ ΑΝΑΓΡΑΦΗ--ΦΥΣΙΚΟ ΠΡΟΣΩΠΟ
Personal name Voutsina Eugenia
9 (RLIN) 9056
942 ## - ADDED ENTRY ELEMENTS (KOHA)
Koha item type Διπλωματική εργασία
Holdings
Τύπος τεκμηρίου Βιβλιοθήκη Τρέχουσα τοποθεσία Barcode Ημερομηνία απόκτησης Ταξιθετικό σύμβολο Αριθμός αντιτύπου Κατάσταση απόσυρσης Κατάσταση χαμένου Κατάσταση κατεστραμμένου Μη δανεισμός Σύνολο δανεισμών Ημερομηνία τελευταίας εμφάνισης Η τιμή ισχύει από
Διπλωματική εργασία MC Athens Campus Library MC Athens Campus Library 9780000084989 05/06/2025 EDU 2018 (11) 1           05/06/2025 05/06/2025

MC Athens Campus Library
Πατησίων 94 & Κοδριγκτώνος 13, 104 34
Πελλήνης 8 & Πατησίων 107, 112 51
Τ: +30 210 8899600

MC Thessaloniki Campus Library
Ίωνος Δραγούμη 21, 54625 | Ίωνος Δραγούμη 15, 54625
Τ: +30 2310 287779 – Τ: +30 2314 440300